000 01174nam a2200325 a 4500
001 000109064
003 CHAP
005 20220329144035.0
008 140401s2013 mx sm |||||||spa d
010 _a105526
011 _a106498
040 _cCHAP
090 _aTesis
100 1 _aSalcedo Hurtado, Kellys Nallith
_9126175
245 1 0 _aEvaluación Nutrimental del Eucalyptus spp. producido en suelos ácidos con manejo silvopastorial
_h[En línea]
_cpor Kellys Nallith Salcedo Hurtado.
260 _aChapingo, Méx. :
_bEl autor,
_c2013.
500 _aPara ver el contenido del material haga clic en la liga
502 _aTesis (MC. en Afroforetería para el Desarrollo Sostenible )-- UACH. Suelos
590 _aBATCH-UPD
_b05
_c20141002
_lUCH01
_h0859
590 _aE5765TAJ
_b05
_c20140401
_lUCH01
_h1147
590 _aE5765TAJ
_b05
_c20140401
_lUCH01
_h1148
650 1 4 _aEucalipto (madera)
_938822
650 1 4 _aEucalipto
_xCrecimiento.
_938811
650 1 4 _aSuelos ácidos.
_9110555
650 1 4 _aSuelos y nutrición.
_9110578
856 _aFinding aid
_uhttp://10.13.5.2/tesis/sist109064.pdf
_zTeclea aquí
901 _aBK
942 _cTESIS
942 _n0
999 _c105526
_d105526